Statistics for Hockey Trivia

Click here to take the quiz!

General Stats

  • This quiz has been taken 1,667 times
  • The average score is 17 of 25

Answer Stats

HintAnswer% Correct
The line by which crossing before the puck is offsidesBlue line
95%
Number of divisions in each conference3
90%
Number of conferences in the NHL2
89%
Position that takes faceoffsCenter
88%
Where the sport was inventedCanada
85%
The line that determines whether or not dumping the puck in is icingRed line
85%
Number of teams in the NHL30
84%
The line on which the net must be lined up withGoal line
84%
NHL player with the most goals in historyWayne Gretzky
82%
Full name for the goalie's positionGoaltender
81%
Forward that takes to either side of the iceWing (Left/Right)
79%
Real name for the 'Sin Bin'Penalty box
78%
Position of the last man before the goalieDefense
75%
Retired Boston player, greatest defenseman ever, famous goal scoring winning Stanley Cup goal in 1970Bobby Orr
72%
Team that won the Stanley Cup in 2011-12LA Kings
72%
Team that won the Stanley Cup in 2010-11Boston Bruins
71%
Area where the defensemen shoot from in the offensive zoneThe point
57%
Area in front of the net from which many goals are scoredThe slot
57%
Head of the leagueGary Bettman
54%
Retired NY Rangers player who promised a win in Game 6 vs NJ DevilsMark Messier
54%
Benefactor who had the Cup created, 16th Earl of DerbyLord Frederick Stanley
48%
Goalie who 'invented' the butterfly stancePatrick Roy
44%
Side of the ice without the puckWeak side
27%
Side of the puck with the puckStrong side
26%
First black player in the NHLWilly O'Ree
22%

Score Distribution

Percentile by Number Answered

Percent of People with Each Score

Your Score History

You have not taken this quiz